Genève - Choix multiples - Statistiques

Statistiques générales
  • Ce quiz a été pris 2 644 fois
    2 491 depuis la dernière actualisation
  • Le résultat moyen est 7 sur 10
Statistiques - réponses
Question Réponse % Correct
Quelle est la langue officielle parlée à Genève ? Français
96%
Pour quel produit Genève est-elle particulièrement réputée ? Les montres
93%
Quelle attraction touristique est le symbole de Genève ? Un jet d'eau
91%
Quel fleuve coule à travers Genève depuis le Léman ? Le Rhône
75%
Lequel de ces nom ne fait pas référence à un personnage de la bande dessinée Titeuf, créé par l'auteur genevois Zep ? Flammèche
71%
Laquelle de ces organisations est basée à Genève ? Le siège européen des Nations unies
71%
Quelle photo a été prise à Genève ?
63%
Quel réformateur a permis la création de la République de Genève en 1541 ? Jean Calvin
62%
Quel philosophe des lumières est genevois ? Jean-Jacques Rousseau
60%
Quel est l'objectif des conventions de Genève ? D'encadrer et protéger le droit humanitaire
51%
Aucun quiz correspondant
Distribution des résultats
% des personnes avec chaque résultat
Percentile par nombre de réponses
Votre historique - résultats
Vous n’avez pas pris ce quiz depuis la dernière actualisation